MARC

LEADER 00000nam0a2200000 4500
001 369963
005 20231102012232.0
035 |a (RuTPU)RU\TPU\retro\27371 
090 |a 369963 
100 |a 20220614d1980 km y0rusy50 ca 
101 0 |a rus 
102 |a RU 
105 |a a z 001zy 
200 1 |a Телевизионные измерительные системы  |f С. Л. Горелик, Б. М. Кац, В. И. Киврин 
210 |a Москва  |c Связь  |d 1980 
215 |a 169 с.  |c ил. 
320 |a Библиогр.: с. 163-168 
606 1 |a Телевизионные измерения  |2 stltpush  |3 (RuTPU)RU\TPU\subj\59165  |9 76730 
610 1 |a измерительные системы 
610 1 |a классификация 
610 1 |a погрешности 
610 1 |a величины 
610 1 |a оценка 
610 1 |a фильтрация 
610 1 |a сигналы 
610 1 |a искажения 
610 1 |a калибровка 
675 |a 621.397.13.08  |v 4 
700 1 |a Горелик  |b С. Л.  |g Самуил Лейбович 
701 1 |a Кац  |b Б. М.  |g Борис Моисеевич 
701 1 |a Киврин  |b В. И.  |g Владимир Ильич 
801 1 |a RU  |b 63413507  |c 20220614 
801 2 |a RU  |b 63413507  |c 20220614  |g RCR 
942 |c BK